| 000 | 01328cam a2200349 a 4500 | ||
|---|---|---|---|
| 001 | 1672216 | ||
| 003 | OSt | ||
| 005 | 20140310182158.0 | ||
| 008 | 980818s1999 nyua 001 0ceng | ||
| 010 | _a 98041374 | ||
| 020 | _a9780812930818 | ||
| 040 |
_aDLC _cDLC _dDLC |
||
| 050 | 0 | 0 |
_aCT 104 _b.B62 1999 |
| 082 | 0 | 0 |
_aHS 920.02 _b B62 1999 |
| 245 | 0 | 0 |
_aBooknotes : _blife stories : notable biographers on the people who shaped America / _c[compiled] by Brian Lamb. |
| 246 | 3 | 1 | _aBook notes |
| 250 | _a1st ed. | ||
| 260 |
_aNew York : _bTimes Books, _c1999. |
||
| 300 |
_axxiii, 471 p. : _bill. (some col.) ; _c25 cm. |
||
| 526 | _c1000L to 1310L | ||
| 650 | 0 |
_aBiography. _912111 |
|
| 700 | 1 |
_aLamb, Brian, _d1941- _916059 |
|
| 730 | 0 |
_aBooknotes (Television program) _916060 |
|
| 856 | 4 | 2 |
_3Contributor biographical information _uhttp://www.loc.gov/catdir/bios/random058/98041374.html |
| 856 | 4 | 1 |
_3Sample text _uhttp://www.loc.gov/catdir/samples/random044/98041374.html |
| 856 | 4 | 2 |
_3Publisher description _uhttp://www.loc.gov/catdir/description/random0411/98041374.html |
| 906 |
_a7 _bcbc _corignew _d1 _eocip _f19 _gy-gencatlg |
||
| 942 | _2lcc | ||
| 999 |
_c10141 _d10141 |
||